NBA all time season PPG leaders - Statistics

General Stats
  • This quiz has been taken 45 times
  • The average score is 12 of 15
Answer Stats
Career PPG Answer % Correct
27.1 Kevin Durant
100%
30.1 Michael Jordan
100%
30.0 Wilt Chamberlain
100%
27.1 LeBron James
97%
25.0 Kobe Bryant
92%
25.0 James Harden
89%
27.0 Jerry West
84%
26.6 Allen Iverson
82%
27.4 Elgin Baylor
76%
25.0 Karl Malone
76%
25.7 Oscar Robertson
66%
25.1 George Gervin
61%
26.4 Bob Pettit
55%
24.8 Dominique Wilkins
50%
24.8 Rick Barry
42%
No matching quizzes found
Score Distribution
Percent of People with Each Score
Percentile by Number Answered
Your Score History
You have not taken this quiz